LEADER 01194nam a2200253 i 4500 001 000000183730 003 CaOOAMICUS 005 20200824081448.0 008 091125s1986 be u000 u mul u 013 $a161698 040 $aSeMil$bita 245 10$a1: [Textus]. 264 1$aLovanii :$bin aedibus Peeters,$c1986. 300 $aXVII, 188 p. ;$c25 cm 700 1 $aEsbroeck, Michel-Jean : van.$0(OLS)http://semarc/name/10083 773 0 $aMaximus : Confessor $tVie de la Vierge.$dLovanii : In aedibus Peeters, 1986.$kCorpus Scriptorum Christianorum Orientalium. Scriptores Iberici$kCorpus Scriptorum Christianorum Orientalium$w()22541 830 0$aCorpus Scriptorum Christianorum Orientalium ;$v478.$0(OLS)http://semarc/title/77 830 0$aCorpus Scriptorum Christianorum Orientalium. Scriptores Iberici ;$v21.$0(OLS)http://semarc/title/29357 850 $aSeMil 852 $aSeMil$W1$xVenegono$y1$m2S III 478$j134430$B134430$CSeMilBibl$Z2$F146043 $81 961 $aOmaggio: Altro 996 $6245$a1: [Textus]$9(OLS)http://semarc/title/260933 996 $6264$aLovanii :$bin aedibus Peeters$9(OLS)http://semarc/publisher/29647 LEADER 01115nam a2200253 i 4500 001 000000063416 003 CaOOAMICUS 005 20140206000000.0 008 140206s1953 xx u000 u fre u 013 $a34588 040 $aSeMil$bita 100 1 $aDumontier, Maurice .$0(OLS)http://semarc/name/26080 245 10$aSaint Bernard et la Bible /$cP. Dumontier ; présentation par J.-M. Déchanet. 260 $aParis :$bDesclée de Brouwer,$c1953. 300 $a186 p. ;$c22 cm. 490 0 $aBibliothèque de spiritualité médiévale 600 04$aBernardo : di Chiaravalle .$0(OLS)http://semarc/subject/739 700 1 $aDéchanet, Jean-Marie,$c.$0(OLS)http://semarc/name/26079 830 0$aBibliothèque de spiritualité médiévale.$0(OLS)http://semarc/title/39952 850 $aSeMil 852 $aSeMil$W1$xVenegono$y1$m2W V 165$j29569$B29569$CSeMilBibl$Z2$F29572 $81 961 $aOmaggio: Oggioni don Costantino 996 $6245$aSaint Bernard et la Bible$9(OLS)http://semarc/title/100148 996 $6260$aParis :$bDesclée de Brouwer$9(OLS)http://semarc/publisher/30132